000 00586nam a22002297a 4500
003 OSt
005 20140310182906.0
008 130128t xxu||||| |||| 00| 0 eng d
020 _a9712705528
020 _a9712702324
050 _aTX 725
_b.F363 1992
082 _aF641.5
_b.F363 1992
245 _aPhilippine food & life /
_cFernando, Gilda C.
260 _aPasig City :
_bAnvil,
_cc1992
300 _a191 p. : ill.
_c25 cm.
521 _acollege students
526 _c1210L-1700L
541 _j1
541 _j1
562 _e1
942 _2lcc
_cBK
_kFIL
999 _c17160
_d17160